000 00835nam a2200229Ii 4500
003 JO-AjNU
008 230605s9999||||xx |||||||||||||| ||und||
017 _a2020/12/5078
020 _a978-9923-37-057-5
040 _aJO-AjNU
_bara
_erda
_cJO-AjNU
041 _aara
050 1 4 _aLB1028.3.G43 2021
100 3 _aغازي، محمد عاصم محمد ,
_eauthor
_963123
245 0 0 _aتكنولوجيا العصر الرقمي ومنظومة التعليم
250 _aط1
264 3 1 _aعمان: دار دجلة للنشر والتوزيع، 2020
300 _a186ص
336 _atext
_btxt
_2rdacontent
337 _aunmediated
_bn
_2rdamedia
338 _avolume
_bnc
_2rdacarrier
650 4 _aالتعليم الالكتروني-اساليب التدريس-التربية الرياضية-العصر الرقمي
_963124
999 _aA28616
_c32184
_d32184